000 00439nam a2200169Ia 4500
003 GCL
008 140319s9999 xx 000 0 eng d
040 _aGCL /
_cGCL
082 0 4 _a932
_bB M
100 1 _aBURNS, ROSS
245 1 0 _aMONUMENTS OF SYRIA: AN HISTORICAL GUIDE /
_cBURNS, ROSS
260 _a[S.N] :
_bI.B. TAURIS & CO LTD PUBLISHERS ،
_c1994
300 _a297 P
650 0 4 _aMONUMENTS
650 0 4 _aSYRIA
942 _2ddc
_cBK
999 _c23866
_d23866